| 000 | 01302nam a2200289 i 4500 | ||
|---|---|---|---|
| 001 | 27217 | ||
| 003 | ES-MaACL | ||
| 005 | 20250404195935.0 | ||
| 007 | t| | ||
| 008 | 030113s1946 sp ||||1| spa d | ||
| 080 | _a929 Solorzano, Juan de: 32 | ||
| 100 | 1 |
_aAyala, F. Javier de. _924110 |
|
| 245 | 1 | 0 |
_aIdeas políticas de Juan de Solórzano / _cF. Javier de Ayala. |
| 250 | _a1ª ed. | ||
| 260 |
_aSevilla : _bEscuela de Estudios Hispano-Americanos de Sevilla, _c1946. |
||
| 300 |
_aXIII, 583 p. ; _c22 cm. |
||
| 490 | 1 |
_aPublicaciones de la Escuela de Estudios Hispano-Americanos de Sevilla ; _v22. Serie 4ª: Ensayos ; _v1 |
|
| 510 |
_aCCPB, _c000888159-6. |
||
| 600 | 1 | 4 |
_aSolórzano Pereira, Juan de- _xPensamiento político. _9147243 |
| 710 | 2 |
_aEscuela de Estudios Hispano-Americanos (Sevilla) _9134366 |
|
| 830 | 1 |
_aPublicaciones de la Escuela de Estudios Hispano-Americanos de Sevilla ; _v22. Serie 4ª: Ensayos ; _v1 _9180625 |
|
| 852 |
_aES-MaACL _jD-6562 _928247 _bR.30536 _bR.M.6153 _cSVI _fSello en tinta azul de la Biblioteca del Ateneo de Madrid. _xEncuadernación en tela roja. |
||
| 942 |
_2udc _cMONOGRAFIA |
||
| 999 |
_c27217 _d27217 |
||